| 000 | 01211ncm a2200205 u 4500 | ||
|---|---|---|---|
| 001 | 000394229 | ||
| 003 | AM-YeHGA | ||
| 005 | 20250618072341.0 | ||
| 008 | 041210s1912 gs |||||||||||||||||arm|d | ||
| 040 | _aAM-YeHGA | ||
| 041 | 0 | _aarmrus | |
| 080 | _a784.94 | ||
| 245 | 0 | 0 |
_aԴասագիրք երգեցողութեան / _h[Նոտա]/ _cԿազմողող՝ Սպ. Մելիքեան. |
| 260 |
_aТифлисъ : _bтип. С.М. Лосаберидзе, _c1912. |
||
| 300 |
_aՏարի ; _c17 սմ. |
||
| 505 | 1 | 0 |
_g1 տարի (1912, 16 էջ, նոտա) : _tԺողովածու՝ Հ. ժողովրդական, ազգային, եւ եւրոպական (թարգմ.) միաձայն երգերի : Ծխական դպր. IV պատր. եւ թեմ. դպր. I դաս. համար _g2 տարի (1912, 16 էջ, նոտա) : _tԺողովածու՝ Հ. ժողովրդական, ազգային, եւ եւրոպական (թարգմ.) միաձայն եւ երկձայն երգերի : Ծխական դպր. V պատր. եւ թեմ. դպր. II դաս. համար |
| 650 | 1 | 4 |
_aԵրաժշտություն _vԴասագիրք |
| 700 | 1 |
_aՄելիքյան, Սպիրիդոն Ավետիսի, _d1880-1933 _eԿազմող _4com _91942 |
|
| 090 | _c150876 | ||
| 999 |
_c149487 _d149487 |
||